Una perspectiva latinoamericana de la teología moral
Збережено в:
| Автор: | |
|---|---|
| Формат: | Книга |
| Мова: | Іспанська |
| Опубліковано: |
Bogotá
Pontificia Universidad Javeriana
2005
|
| Редагування: | 2a. ed |
| Серія: | Colección Teología Hoy, 30
|
| Предмети: | |
| Теги: |
Додати тег
Немає тегів, Будьте першим, хто поставить тег для цього запису!
|
MARC
| LEADER | 00000nam a2200000 a 4500 | ||
|---|---|---|---|
| 001 | UCI0012 | ||
| 003 | CL-VaPUC | ||
| 008 | 070420e20050000CK |||||||||||||||||spa|d | ||
| 020 | |a 9586831205 | ||
| 082 | 0 | 4 | |a 241 |b NOV |2 21 |
| 100 | |a Novoa Matallana, Carlos J. |e autor |9 520063 | ||
| 245 | 1 | 4 | |a Una perspectiva latinoamericana de la teología moral |
| 250 | |a 2a. ed | ||
| 300 | |a 159 p | ||
| 942 | |c BK | ||
| 945 | |d 20070420 00:00:00 |a cmena | ||
| 260 | |a Bogotá |b Pontificia Universidad Javeriana |c 2005 | ||
| 650 | 0 | |a Teología moral |9 256617 | |
| 650 | 0 | |a Educación religiosa |9 308312 | |
| 650 | 0 | |a Teología de la liberación |9 255471 | |
| 650 | 0 | |a Ética cristiana |9 308677 | |
| 650 | 0 | |a Educación moral |9 308319 | |
| 583 | |a last modification |c 20130304 01:44:07 |k Rodrigo Vera | ||
| 490 | 0 | |a Colección Teología Hoy, 30 | |
| 999 | |c 325309 |d 325307 | ||
| 952 | |0 0 |1 0 |4 0 |6 241_000000000000000_NOV_2005 |7 0 |8 A |9 406027 |a BIBTEO |b BIBTEO |d 2019-11-22 |i 4330315 |l 1 |o 241 NOV 2005 |p 4330315 |r 2025-01-17 |s 2023-08-29 |w 2019-11-22 |y BK |k ICR | ||